| 000 | 00593nam a2200241Ia 4500 | ||
|---|---|---|---|
| 003 | 0100 | ||
| 008 | 130227s9999 xx 000 0 und d | ||
| 040 | _cARRUPELIB | ||
| 050 | _aPS3537.T3234Z82 | ||
| 100 | _aMorin, D. | ||
| 245 | _aSteinbeck The Grapes of wrath | ||
| 245 | _bNotes | ||
| 260 | _aToronto | ||
| 260 | _bColes notes | ||
| 260 | _C1965 | ||
| 300 | _a72p | ||
| 300 | _b 21cm | ||
| 440 | _aColes notes | ||
| 650 | _bCatholic Church - History - 20th century | ||
| 650 | _cVatican Council (2nd: 1962-1965) | ||
| 650 | _dModernism - Catholic church | ||
| 942 |
_2lcc _01 |
||
| 999 |
_c3716 _d3716 |
||